Obras de San Pedro Pascual, Márti Obispo de Jaén y Religioso de la Merced (Record no. 117569)

MARC details
000 -LEADER
campo de control de longitud fija 00685nam a2200181 4500
001 - NÚMERO DE CONTROL
campo de control 117569
003 - IDENTIFICADOR DE NÚMERO DE CONTROL
campo de control ES-MaACL
005 - FECHA Y HORA DE LA ÚLTIMA TRANSACCIÓN
campo de control 20250717063030.0
007 - CAMPO FIJO DE DESCRIPCIÓN FÍSICA--INFORMACIÓN GENERAL
campo de control de longitud fija t|
008 - DATOS DE LONGITUD FIJA--INFORMACIÓN GENERAL
campo de control de longitud fija 070214s1905 it r ||||1| spa d
100 0# - ENTRADA PRINCIPAL--NOMBRE DE PERSONA
Nombre de persona Pedro Pascual, Santo,
Fechas asociadas al nombre 1227-1300
9 (RLIN) 89928
245 10 - MENCIÓN DEL TÍTULO
Título Obras de San Pedro Pascual, Márti Obispo de Jaén y Religioso de la Merced
Resto del título : en su lengua original con la traducción latina y algunas anotaciones /
Mención de responsabilidad, etc. por el P. Fr. Pedro Armengol Valenzuela.
260 ## - PUBLICACIÓN, DISTRIBUCIÓN, ETC.
Lugar de publicación, distribución, etc. Roma :
Nombre del editor, distribuidor, etc. F. Cuggiani,
Fecha de publicación, distribución, etc. 1905.
300 ## - DESCRIPCIÓN FÍSICA
Extensión 4 v. ;
Dimensiones 25 cm.
700 1# - ENTRADA AGREGADA--NOMBRE PERSONAL
Nombre de persona Armengol Valenzuela, Pedro, Arzobispo de Gangra.
9 (RLIN) 22948
852 ## - LOCALIZACIÓN
Ubicación ES-MaACL
Número de control de estantería F-1409-12
Holdings
Estatus retirado Estado de pérdida Estado de daño No para préstamo Biblioteca de origen Biblioteca actual Ubicación en estantería Fecha de adquisición Fuente de adquisición Total de préstamos Signatura topográfica completa Código de barras Visto por última vez Precio de reemplazo Tipo de ítem Koha
        Biblioteca del Ateneo de Madrid Biblioteca del Ateneo de Madrid Depósito 2 17/01/2008     F-1409-12 1122574 23/02/2023 23/02/2023 Libro impreso